Escuela Elemental de Trabajo [...] : planes de estudio : curso de 1940 - 1941 / Escuela Industrial de Villanueva y Geltrú planes de estudio :
Descripción Física:
1 díptic ; 16 cm
Materias:
Escola Industrial (Vilanova i la Geltrú)
MARC
| LEADER | 00000nam a2200000Ia 4500 | ||
|---|---|---|---|
| 001 | 22583 | ||
| 003 | BGR | ||
| 005 | 20260410113643.0 | ||
| 008 | 160829s1940 xx 000 0 cat d | ||
| 080 | |a FU-56-25 | ||
| 110 | 1 | |a Escola Industrial (Vilanova i la Geltrú) |9 70789 | |
| 245 | |a Escuela Elemental de Trabajo [...] : |b planes de estudio : |b curso de 1940 - 1941 / Escuela Industrial de Villanueva y Geltrú | ||
| 260 | |a Villanueva y Geltrú : |b Imp. Virella y Soler, |c 1940 | ||
| 300 | |a 1 díptic ; |c 16 cm | ||
| 590 | |a Prové de Q-444, exp. 32 | ||
| 610 | 1 | 0 | |a Escola Industrial (Vilanova i la Geltrú) |9 70789 |
| 856 | 4 | |u https://media.diba.cat/diba/fitxers/arxiu/fulletons/bib_22583_1940_1941_baixa.pdf |y Accés lliure | |
| 856 | 4 | |u https://media.diba.cat/diba/fitxers/arxiu/fulletons/bib_22583_1940_1941_baixa.pdf |y Accés lliure | |
| 900 | |a bib_22583_1940_1941_baixa.pdf | ||
| 901 | |a Arxiu | ||
| 942 | |n 1 |2 udc |c MON | ||
| 952 | |0 0 |1 0 |4 0 |6 FU5625 |7 1 |9 53933 |a Arxiu |b Arxiu |d 2016-12-01 |l 0 |o FU-56-25 |p 22583 |r 2016-12-01 00:00:00 |w 2016-12-01 |y ARXIU | ||
| 999 | |c 57800 |d 57800 | ||